• 首页
  • 本馆介绍
  • 公告通知
  • 最新文献
  • 馆藏检索
  • 电子资源
  • 读者导购
  • 参考咨询
  • 我的图书馆
  • 登录
  • 详细信息显示
  • 放入我的书架
  • 预约/预借图书
  • 作者相关作品
  • 分类相关作品
  • 丛书相关作品
  • 出版社相关作品

书目信息

  • 表格格式
  • 工作单格式
  • 卡片格式
题名:
毛泽东和他的军事高参
    
 
作者: 帝人 , 麦道 编著
分册:  
出版信息: 北京   红旗出版社  1993
页数: 328页
开本: 20cm
丛书名:
单 册:
中图分类: A752 , K825.2
科图分类:
主题词: 军事人物--生平事迹--中国--现代
电子资源:
ISBN: 7-80068-667-1
000 00691nam0 2200241 45
001 1261786616
005 20090928105435.35
010    @a7-80068-667-1@dCNY16.80
100    @a19970528e19961993em y0chiy0121 ea
101 0  @achi
102    @aCN@b110000
105    @af z 000yd
200 10 @a毛泽东和他的军事高参@Amao ze dong he ta de jun shi gao can@f帝人,麦道编著
210    @a北京@c红旗出版社@d1993@h1996重印
215    @a328页@c照片@d20cm
600  0 @a毛泽东@x生平事迹
606 0  @a军事人物@x生平事迹@y中国@z现代
690    @aA752@v3
690    @aK825.2@v3
701  0 @a帝人@Adi ren@4编著
701  0 @a麦道@Amai dao@4编著
801  0 @aCN@bTSSF@c19970617
905    @a10447@dA752@eJY17
    
    毛泽东和他的军事高参/帝人,麦道编著.-北京:红旗出版社,1993(1996重印)
    328页:照片;20cm
    
    
    ISBN 7-80068-667-1:CNY16.80
    
●
相关链接 在E读中查询图书 在五车中查询图书 在当当中查询图书 在豆瓣中查询图书


正题名:毛泽东和他的军事高参     索取号:A752/JY17         预约/预借

序号 登录号 条形码 馆藏地/架位号 状态 备注
1 7814964   278149647   学院路分馆/ [索取号:A752/JY17] 在馆    
2 7814965   278149656   学院路分馆/ [索取号:A752/JY17] 在馆    
3 7814966   278149665   学院路分馆/ [索取号:A752/JY17] 在馆    
4 7814967   278149674   学院路分馆/ [索取号:A752/JY17] 在馆    
唐山师范学院图书馆 欢迎您!
大连网信软件有限公司© 版权所有